Kraje o najwyższym PKB i PKB na mieszkańca - Statystyki

Ogólne statystyki
  • Ten quiz został rozwiązany 320 razy
  • Średni wynik to 23 z 30
Statystyki odpowiedzi
PKB Kraj % Poprawnych
20,58 Stany Zjednoczone
99%
62,8 Stany Zjednoczone
99%
13,36 Chiny
98%
3,95 Niemcy
95%
2,78 Francja
93%
4,97 Japonia
91%
2,82 Wielka Brytania
91%
1,65 Rosja
90%
1,42 Hiszpania
87%
1,71 Kanada
86%
2,07 Włochy
85%
2,71 Indie
82%
1,86 Brazylia
81%
115,5 Luksemburg
79%
81,5 Norwegia
79%
54,3 Szwecja
79%
83,1 Szwajcaria
78%
1,22 Meksyk
76%
1,72 Korea Południowa
75%
1,42 Australia
73%
56,4 Australia
73%
49,7 Finlandia
68%
53,2 Holandia
68%
60,8 Dania
65%
51,3 Austria
56%
78,3 Irlandia
55%
64,5 Singapur
54%
70,3 Katar
52%
74,5 Islandia
50%
48,9 San Marino
36%
Nie znaleziono quizów pasujących do podanych kryteriów
Rozkład punktacji
Procent ludzi z każdym wynikiem
Percentyl według liczby udzielonych odpowiedzi
Twoja historia wyników
Nie rozwiązałeś tego quizu